[Event "Yerevan op 1st"]
[Site "Yerevan"]
[Date "2016.10.03"]
[Round "2"]
[White "Kocharyan, Hayk"]
[Black "Javdan, Asmail"]
[Result "0-1"]
[WhiteElo "1599"]
[BlackElo "1919"]
[PlyCount "84"]
[EventDate "2016.10.02"]
[EventType "swiss"]
[EventRounds "9"]
[EventCountry "ARM"]
[SourceTitle "EXT 2017"]
[Source "ChessBase"]
[SourceDate "2016.10.25"]
[SourceVersion "1"]
[SourceVersionDate "2016.10.25"]
[SourceQuality "1"]

1. c4 Nf6 2. Nc3 e6 3. e4 d6 4. d4 Nbd7 5. Nf3 e5 6. d5 Be7 7. Be2 0-0 8. h3 c6 9. Be3 a6 10. a4 c5 11. 0-0 Re8 12. a5 Nf8 13. Qc2 Bd7 14. Rfb1 Qc8 15. Kh2 h6 16. b4 Ng6 17. b5 Nf4 18. Bxf4 exf4 19. Nd2 g5 20. f3 Nh5 21. Nf1 Bf6 22. Ra2 Qd8 23. Na4 Be5 24. Nb6 Rb8 25. Ra3 g4 26. Nxd7 Qxd7 27. Bd3 gxf3 28. gxf3 Kh8 29. Nd2 Rg8 30. Bf1 Qe7 31. Nb3 Rg3 32. Bg2 Rbg8 33. Rg1 Qg5 34. Qf2 axb5 35. cxb5 c4 36. Nc1 Qh4 37. a6 Rxh3+ 38. Bxh3 Qxf2+ 39. Rg2 Rxg2+ 40. Bxg2 Qh4+ 41. Bh3 Qg3+ 42. Kh1 Qxh3+ 0-1

[Event "Yerevan op 1st"]
[Site "Yerevan"]
[Date "2016.10.02"]
[Round "1"]
[White "Javdan, Asmail"]
[Black "Petrosyan, Tigran S"]
[Result "0-1"]
[WhiteElo "1919"]
[BlackElo "2443"]
[PlyCount "84"]
[EventDate "2016.10.02"]
[EventType "swiss"]
[EventRounds "9"]
[EventCountry "ARM"]
[SourceTitle "EXT 2017"]
[Source "ChessBase"]
[SourceDate "2016.10.25"]
[SourceVersion "1"]
[SourceVersionDate "2016.10.25"]
[SourceQuality "1"]

1. Nf3 Nf6 2. g3 b5 3. Bg2 Bb7 4. 0-0 e6 5. d3 c5 6. c3 Be7 7. Nbd2 d5 8. Qc2 Nc6 9. e4 0-0 10. Re1 Rc8 11. Nf1 d4 12. Bg5 Nd7 13. Bxe7 Qxe7 14. Qe2 Rfd8 15. Rad1 Nb6 16. e5 dxc3 17. bxc3 c4 18. dxc4 Nxc4 19. N1d2 N6a5 20. Nd4 Bxg2 21. Kxg2 a6 22. f4 Nxd2 23. Qxd2 Qc5 24. Rc1 Nc6 25. Qf2 Nxd4 26. cxd4 Qxc1 27. Rxc1 Rxc1 28. f5 Rd1 29. f6 R1xd4 30. Qe3 h6 31. fxg7 Kxg7 32. Qf3 R8d7 33. h4 b4 34. Qf6+ Kh7 35. Qf1 a5 36. Kh3 a4 37. g4 Rd3+ 38. Kg2 b3 39. axb3 axb3 40. Kf2 b2 41. Qb1 Kg7 42. g5 Rd1 0-1

[Event "Gorgan Fajr Cup"]
[Site "Gorgan"]
[Date "2015.01.29"]
[Round "3"]
[White "Paeinmahalli, Ali"]
[Black "Javdan, Asmail"]
[Result "1/2-1/2"]
[WhiteElo "1640"]
[BlackElo "1908"]
[PlyCount "104"]
[EventDate "2015.01.28"]
[EventType "swiss"]
[EventRounds "9"]
[EventCountry "IRI"]
[SourceTitle "EXT 2016"]
[Source "ChessBase"]
[SourceDate "2015.10.08"]
[SourceVersion "1"]
[SourceVersionDate "2015.10.08"]
[SourceQuality "1"]

1. e4 c5 2. c3 Nf6 3. e5 Nd5 4. d4 cxd4 5. cxd4 e6 6. Nc3 d6 7. Nxd5 exd5 8. Nf3 Nc6 9. Be2 Be7 10. 0-0 0-0 11. Be3 Bg4 12. Re1 Qb6 13. Qd3 g6 14. Qd2 Bxf3 15. Bxf3 dxe5 16. dxe5 d4 17. Bh6 Rfd8 18. a3 Na5 19. Qd3 Qxb2 20. Reb1 Qc3 21. Qxc3 dxc3 22. Rb5 Nc4 23. Rxb7 Bxa3 24. e6 c2 25. exf7+ Kh8 26. Bg5 Kg7 27. Bxd8 Rxd8 28. Rc7 Rb8 29. Be4 c1Q+ 30. Rxc1 Bxc1 31. Rxc4 Bd2 32. Rc7 a5 33. Ra7 Rb4 34. Bd3 Rb3 35. Bf1 Rb1 36. g3 Ra1 37. Kg2 Bb4 38. f8Q+ Kxf8 39. Rxh7 a4 40. Bd3 g5 41. h4 gxh4 42. gxh4 a3 43. Ra7 Rd1 44. Bc4 Rd4 45. Bb3 Rxh4 46. Kg3 Rd4 47. f3 Bd6+ 48. Kg2 Rd2+ 49. Kh3 Rd3 50. Be6 Rxf3+ 51. Kg4 Rf6 52. Bd5 Rf4+ 1/2-1/2